000
00307nam a22001217a 4500
008
180809b xxu||||| |||| 00| 0 eng d
041
_a
eng
080
_a
616.053
100
_a
7
101
_a
KAR
245
_a
The recognition and management of the neonate with heart disease
_c
STRONG.W.B
942
_2
udc
_c
BK
999
_c
46964
_d
46964